Den Sieben Weltwundern auf der Spur

Bibliographic Details
Main Author: Zamarovský, Vojtech, 1919-2006 (Author)
Other Authors: Sauer-Žur, Hubert (Translator)
Format: Book
Language:German
Czech
Slovak
PhysicalDescription:232 s. fotogr., ilustr., mp. 24 cm
Published: Leipzig F. A. Brockhaus Verlag [1987]
ISBN:3325000061
Edition:6. Aufl.
Subjects:

MARC

LEADER 00000nam a2200000 a 4500
001 vtls001520745
003 SK-MaSNL
005 20260302073916.0
008 240314s1981 gw oab n 000 0 ger
015 |a SNBZSA2005-00056 
020 |a 3325000061  |q (viaz.) 
040 |a SNK  |b slo  |c SNK  |e AACR2 
041 |a ger  |h cze  |h slo 
043 |a aw-----  |a f-ua--- 
044 |a gw 
072 7 |a 94(3)  |x Dejiny krajín starovekého sveta  |2 konspekt 
080 |a 904:72(3)  |2 1981 
080 |a 72(3)  |2 1981 
080 |a 94(3)  |2 1981 
080 |a 821.162.4-992  |2 1981 
100 1 |a Zamarovský, Vojtech,  |d 1919-2006  |4 aut  |9 99371 
240 1 |a Za siedmimi divmi sveta  |l Nemecky 
245 1 0 |a Den Sieben Weltwundern auf der Spur  |c Vojtěch Zamarovský ; übersetzt aus dem Tschechischen von Hubert Sauer-Žur 
250 |a 6. Aufl. 
260 |a Leipzig  |b F. A. Brockhaus Verlag  |c [1987] 
300 |a 232 s.  |b fotogr., ilustr., mp.  |c 24 cm 
500 |a Názov slov. orig. zistený mimo dokumentu 
504 |a Bibliogr. 232 
648 7 |a starovek  |2 snkbuxs  |9 317620 
650 0 7 |a historické pamiatky  |2 snkbuxs  |9 75346 
650 0 7 |a historické stavby  |2 snkbuxs  |9 67644 
650 0 7 |a sedem divov sveta  |2 snkbuxs  |9 25546 
655 7 |a populárno-náučné publikácie  |2 snkbuxs  |9 70460 
655 7 |a cestopisy  |2 snkbuxs  |9 70220 
700 1 |a Sauer-Žur, Hubert  |4 trl  |9 738902 
919 |a 3-325-00006-1 
958 |a ZS 
958 |a OP 
958 |a DE 
958 |a NB 
958 |a OND 
999 |c 1162828  |d 1164758 
952 |a SNK  |b SNK  |y PREZ  |7 0  |p 17A0461083  |o snkSC 119428  |i snk2005/4404  |8 1  |0 0  |1 0  |4 0  |d 2005-03-22  |l 0  |r 2025-05-28 00:00:00  |w 2026-02-24